Terus bercinta! bagaimana mengubati luka perpisahan dan menjalani kehidupan dengan lebih positif

Bibliographic Details
Main Author: Ahmad Yusof Ibrahim
Format: Book
Published: Kuala Lumpur : PTS Millennia , 2007
Subjects:

MARC

LEADER 00000cam a2200000 7i4500
001 0000016198
005 20160330.0
008 080423
020 |a 9833604633 
090 0 0 |a 306.7   |b AHM 
100 0 |a Ahmad Yusof Ibrahim 
245 1 0 |a Terus bercinta! bagaimana mengubati luka perpisahan dan menjalani kehidupan dengan lebih positif   |c Ahmad Yusof Ibrahim 
260 |a Kuala Lumpur :   |b PTS Millennia ,   |c 2007 
500 |a Teenager ages 13-18 years old (blue) 
650 0 |a Courtship 
650 0 |a Man-woman relationships 
999 |a 0001018951   |b Book   |c Teenagers   |e Cawangan Muar 
999 |a 0001018953   |b Book   |c Teenagers   |e Perbadanan Perpustakaan Awam Johor 
999 |a 0001018955   |b Book   |c Teenagers   |e Perbadanan Perpustakaan Awam Johor